000 03418cam a2200325 4500500
005 20260329010035.0
041 _afre
042 _adc
100 1 0 _aBen Nasr, Imed
_eauthor
700 1 0 _aBen Arfi, Wissal
_eauthor
700 1 0 _aHouanti, L’Hocine
_eauthor
700 1 0 _aKhvatova, Tatiana
_eauthor
245 0 0 _aAu-delà de l’utilité perçue : les déterminants socio-psychologiques de l’adoption d’une application de santé publique en période de crise
260 _c2027.
500 _a18
520 _aLes technologies de santé numérique ont émergé pendant la pandémie de Covid-19 en tant qu’outils critiques, mais leur adoption demeure difficile. Cette recherche met en lumière plusieurs mécanismes nouveaux qui approfondissent la compréhension de l’adoption des technologies de santé dans un contexte de crise sanitaire. Elle examine comment ces facteurs influencent l’intention d’adopter l’application numérique de santé publique pendant la pandémie. Une étude empirique a été menée auprès de 817 participants durant l’hiver 2021, utilisant un modèle UTAUT2 enrichi par des variables spécifiques à la crise : évitement de la contamination, lieu de contrôle de la santé et résilience psychologique. Les résultats révèlent que l’habitude constitue le déterminant le plus fort, que l’évitement de la contamination et l’influence sociale renforcent significativement l’intention d’adoption ; l’âge influence ces relations : les jeunes adultes sont plus sensibles aux influences sociales, tandis que les personnes âgées privilégient l’utilité et la sécurité. Ils fournissent des orientations concrètes pour optimiser les stratégies de communication ciblées et renforcer la confiance citoyenne. JEL CODES: I0, O33
520 _aDigital health technologies emerged during the COVID-19 pandemic as essential tools, yet their adoption remains limited. This study examines the factors shaping the intention to use a public health digital application during the pandemic. An empirical survey of 817 participants conducted in winter 2021 employs an extended UTAUT2 model that incorporates crisis-specific variables, including contamination avoidance, health locus of control, and psychological resilience. Results indicate that habit is the strongest predictor of adoption intention, while contamination avoidance and social influence also play significant roles. Age further moderates these relationships: young adults are more responsive to social influence, whereas older adults prioritize usefulness and security. These findings enhance understanding of technology adoption during crises and offer practical insights for designing targeted communication strategies and strengthening public trust.
690 _aAcceptation des technologies de santé
690 _aApplications de e-santé
690 _aConfidentialité des données
690 _aCrise sanitaire
690 _aDéterminants psychosociaux
690 _aHealth Crisis
690 _aPrivacy Concerns
690 _aPublic Health Digital Application
690 _aPublic Health Digital Technology Acceptance
690 _aSocio-Psychological Determinants
786 0 _nInnovations | Pub. anticipées | 2027-04-17 | p. I204-XXXVIII | 1267-4982
856 4 1 _uhttps://shs.cairn.info/revue-innovations-2026-0-page-I204?lang=fr&redirect-ssocas=7080
999 _c1848924
_d1848924